000 00382nam a2200145Ia 4500
005 20241026120209.0
008 241026s9999 xx 000 0 und d
082 _bShr
100 _aShrama Pt Shriram Acharya
245 0 _aContribution of India to Global Cultural Civilization
260 _bHaridwar , Shri Vedmata Gayatree Trust
260 _c2014
300 _a212
942 _cDB
999 _c8761
_d8761